Carregant...

Computer vision metrics : survey, taxonomy and analysis of computer vision, visual neuroscience, and deep learning /

Dades bibliogràfiques
Autor principal: Krig, Scott
Format: Printed Book
Idioma:English
Publicat: Switzerland : Springer, 2016
Matèries:
LEADER 00867cam a2200205Ii 4500
008 160927s2016 sz a ob 001 0 eng d
999 |c 308954  |d 308954 
020 |z 9783319337616 
082 0 4 |a 006.37 KRI/C  |2 23 
100 1 |a Krig, Scott 
245 1 0 |a Computer vision metrics :  |b survey, taxonomy and analysis of computer vision, visual neuroscience, and deep learning /  |c Scott Krig 
260 |a Switzerland :  |b Springer,  |c 2016 
300 |a xviii, 637p. :  |b ill. (some col.) ;  |c 26cm. 
504 |a Includes bibliographical references and index. 
650 0 |a Computer vision. 
650 7 |a Computer vision.  |2 fast 
942 |c BK 
655 4 |a Electronic books. 
776 0 8 |c Original  |z 9783319337616  |z 3319337610  |w (OCoLC)945949399 
952 |0 0  |1 0  |2 ddc  |4 0  |6 006_370000000000000_KRI_C  |7 0  |9 354625  |a UL  |b UL  |c ST1  |d 2019-02-05  |e 176  |g 6356.97  |l 0  |o 006.37 KRI/C  |p 99148  |r 2019-02-05  |v 8829.12  |y BK